[Event "Perth Open 2019"]
[Site "Perth SCO"]
[Date "2019.02.10"]
[Round "5"]
[White "Jennings, Richard"]
[Black "Lawson, Robert"]
[Result "1-0"]
[WhiteElo "1908"]
[BlackElo "1841"]
[PlyCount "75"]
[EventDate "2019.02.08"]

1. Nf3 d5 2. g3 Nf6 3. Bg2 e6 4. d3 Be7 5. Nbd2 c5 6. e4 Nc6 7. O-O Qc7 8. h3
O-O 9. Re1 dxe4 10. dxe4 e5 11. c3 Rd8 12. Qc2 h6 13. Nf1 Be6 14. Ne3 Rd7 15.
Nf5 Bf8 16. g4 Rad8 17. Bf1 c4 18. g5 hxg5 19. Bxg5 Ne7 20. N3h4 Ng6 21. Nxg6
fxg6 22. Nh4 Kh7 23. Nf3 Be7 24. Bh4 Bg8 25. Bg3 Bd6 26. Rad1 Nh5 27. Rxd6 Qxd6
28. Bxe5 Qe7 29. Bd4 Nf4 30. h4 Nd3 31. Re3 Nf4 32. Ng5+ Kh8 33. Rg3 Rxd4 34.
cxd4 Rxd4 35. Qc1 Nd3 36. Qe3 Qd6 37. Nf3 Rxe4 38. Qxe4 1-0

[Event "Perth Open 2019"]
[Site "Perth SCO"]
[Date "2019.02.10"]
[Round "5"]
[White "Ridge, Michael"]
[Black "McPheator, Gary"]
[Result "1-0"]
[WhiteElo "1886"]
[BlackElo "1765"]
[PlyCount "43"]
[EventDate "2019.02.08"]

1. c4 c6 2. d4 b5 3. cxb5 cxb5 4. e4 Bb7 5. Bd3 a6 6. Nf3 g6 7. a4 bxa4 8. Qxa4
Bg7 9. Qb3 Qc7 10. Nc3 e6 11. Bf4 Qc8 12. Rc1 Bc6 13. d5 Qb7 14. Qc2 exd5 15.
exd5 Bxd5 16. Nxd5 Qxd5 17. Be4 Qe6 18. Ng5 Qg4 19. Qc8+ Ke7 20. Bd6+ Kf6 21.
Qd8+ Ne7 22. Qxe7# 1-0

[Event "Perth Open 2019"]
[Site "Perth SCO"]
[Date "2019.02.10"]
[Round "5"]
[White "Pasha, Tariq"]
[Black "Walkowiak, Adam"]
[Result "1-0"]
[WhiteElo "1861"]
[BlackElo "1721"]
[PlyCount "70"]
[EventDate "2019.02.08"]

1. d4 Nf6 2. c4 c5 3. Nf3 cxd4 4. Nxd4 e6 5. Nc3 a6 6. Bg5 Be7 7. Qd2 Nc6 8.
Nc2 O-O 9. Rd1 Qc7 10. Bf4 e5 11. Bg3 d6 12. e4 Be6 13. Bd3 Rac8 14. b3 Nb8 15.
O-O Nbd7 16. Ne3 b5 17. Ncd5 Bxd5 18. Nxd5 Nxd5 19. cxd5 Qb6 20. Bb1 b4 21. Kh1
Rc3 22. f4 Bf6 23. Qe2 Rfc8 24. Qg4 Qb7 25. Be1 R3c7 26. Bd2 Kh8 27. Rf3 exf4
28. Qxf4 Ne5 29. Rh3 Nd7 30. Qxd6 Rc1 31. Bxc1 Be5 32. Qe7 Bf6 33. Qxf7 Qc7 34.
Be3 Be5 35. Rf1 h6 1-0